000
00331pab a2200145 454500
008
180718b2004 xxu||||| |||| 00| 0 eng d
100
_a
Saxena, P.K.
245
_a
JFM in new millennium: some issues
260
_c
2004
300
_a
p.9-15.
362
_a
Jul
650
_a
Forest management
773
_a
Yojana
909
_a
61310
999
_c
61310
_d
61310